[Event "Quebec-ch Senior"]
[Site "Montreal"]
[Date "2014.02.08"]
[Round "3"]
[White "Dubois, Lorraine"]
[Black "Miron, Gilles"]
[Result "0-1"]
[WhiteElo "1060"]
[BlackElo "1399"]
[PlyCount "48"]
[EventDate "2014.02.07"]
[EventType "swiss"]
[EventRounds "5"]
[EventCountry "CAN"]
[SourceTitle "EXT 2022"]
[Source "ChessBase"]
[SourceDate "2021.10.06"]
[SourceVersion "1"]
[SourceVersionDate "2021.10.06"]
[SourceQuality "1"]

1. d4 d5 2. c4 e6 3. Nc3 Nf6 4. cxd5 exd5 5. Bg5 c6 6. e4 Be7 7. Bd3 dxe4 8. Nxe4 Nxe4 9. Bxe7 Qxe7 10. Qe2 Qb4+ 11. Kf1 Qxd4 12. Qxe4+ Qxe4 13. Bxe4 0-0 14. Nf3 h6 15. Rd1 Be6 16. a3 Nd7 17. g3 Bh3+ 18. Ke2 Nf6 19. Ng1 Be6 20. Bc2 Bc4+ 21. Kd2 Ng4 22. Ke1 Rfe8+ 23. Ne2 Bxe2 24. Rd2 Bf3+ 0-1

[Event "Lanaudiere"]
[Site "Repentigny"]
[Date "2009.10.17"]
[Round "4"]
[White "Metthe, Sylvain"]
[Black "Miron, Gilles"]
[Result "0-1"]
[WhiteElo "1208"]
[BlackElo "1276"]
[PlyCount "78"]
[EventDate "2009.10.17"]
[EventType "tourn"]
[EventRounds "5"]
[EventCountry "CAN"]
[SourceTitle "EXT 2011"]
[Source "ChessBase"]
[SourceDate "2010.11.26"]
[SourceVersion "1"]
[SourceVersionDate "2010.11.26"]
[SourceQuality "1"]

1. e4 e6 2. d4 d5 3. e5 c5 4. dxc5 Bxc5 5. Nf3 Qb6 6. Qe2 Bd7 7. Nc3 a6 8. g3 Ne7 9. b3 d4 10. Ne4 Bb4+ 11. Bd2 0-0 12. c3 dxc3 13. Bxc3 Bb5 14. Qc2 Bxc3+ 15. Qxc3 Bxf1 16. Kxf1 Nd5 17. Qd4 Qb5+ 18. Kg2 Nc6 19. Qc5 Qd3 20. Rhe1 Ncb4 21. Qd4 Qb5 22. Nd6 Qd7 23. Rec1 Nc6 24. Qe4 f6 25. Nc4 f5 26. Qd3 Nf4+ 27. gxf4 Qxd3 28. Nd6 Nd4 29. Nxd4 Qxd4 30. Rd1 Qxf4 31. Re1 Qg4+ 32. Kh1 f4 33. Nxb7 Qf3+ 34. Kg1 Qxb7 35. Rad1 Rf5 36. Rd6 Rg5+ 37. Kf1 Qb5+ 38. Re2 f3 39. Rdd2 fxe2+ 0-1

[Event "Quebec-ch qual U1600"]
[Site "Montreal"]
[Date "2008.10.10"]
[Round "1"]
[White "Tremblay, Manuel"]
[Black "Miron, Gilles"]
[Result "1-0"]
[WhiteElo "1505"]
[BlackElo "1423"]
[PlyCount "141"]
[EventDate "2008.10.10"]
[EventType "swiss"]
[EventRounds "5"]
[EventCountry "CAN"]
[SourceTitle "EXT 2011"]
[Source "ChessBase"]
[SourceDate "2010.11.26"]
[SourceVersion "1"]
[SourceVersionDate "2010.11.26"]
[SourceQuality "1"]

1. d4 Nf6 2. Nf3 d5 3. c4 e6 4. Nc3 c5 5. e3 Nc6 6. Be2 Bd6 7. cxd5 exd5 8. dxc5 Bxc5 9. 0-0 0-0 10. b3 Be6 11. Bb2 Qe7 12. Nb5 a6 13. Nbd4 Nxd4 14. Nxd4 Ba3 15. Bxa3 Qxa3 16. Qd3 Rac8 17. Nxe6 fxe6 18. Qd4 Rc2 19. Bd3 Rxa2 20. Rxa2 Qxa2 21. Qb6 Re8 22. Qxb7 Qa3 23. Bxa6 Qd6 24. Rc1 Qe5 25. Rc7 Qa1+ 26. Bf1 Ne4 27. Rc8 Rxc8 28. Qxc8+ Kf7 29. Qc2 Qc3 30. Qxc3 Nxc3 31. Bd3 h6 32. Kf1 Ke7 33. Ke1 Kd6 34. Kd2 Na2 35. f4 Nb4 36. Bg6 Nc6 37. Kc3 Ne7 38. Bh7 d4+ 39. Kxd4 Nc6+ 40. Kc4 Ne7 41. g4 g6 42. h4 Nd5 43. Kd4 Nf6 44. Bxg6 Nxg4 45. e4 e5+ 46. fxe5+ Nxe5 47. h5 Nc6+ 48. Kc4 Ne5+ 49. Kb5 Kc7 50. Kc5 Nc6 51. b4 Ne5 52. Kd5 Nd7 53. e5 Nb6+ 54. Ke6 Kd8 55. Bd3 Nc8 56. Kf7 Ne7 57. Kg7 Nd5 58. b5 Nf4 59. Bg6 Ke7 60. Kxh6 Ne6 61. Bf5 Nd4 62. Bd3 Ke6 63. Kg5 Nf3+ 64. Kf4 Nxe5 65. Bg6 Kf6 66. b6 Nd7 67. b7 Nb8 68. Ke4 Nd7 69. Kd5 Nb8 70. Kd6 Kg7 71. Bd3 1-0